Bases para la adopción de una nueva política arancelaria centroamericana
Propone elementos de juicio para orientar la revisión de tarifas y políticas arancelarias centroamericanas, referentes a las relaciones con terceros paises./ALLV
Enregistré dans:
| Auteur principal: | |
|---|---|
| Collectivité auteur: | |
| Format: | Texte |
| Langue: | Spanish |
| Publié: |
San Salvador, El Salvador:
SIECA
1974
|
| Sujets: | |
| Tags: |
Ajouter un tag
Pas de tags, Soyez le premier à ajouter un tag!
|
MARC
| LEADER | 00000 a a2200000 04500 | ||
|---|---|---|---|
| 001 | 19735 | ||
| 003 | cru CIDCACS/IIS | ||
| 005 | 20210420154138.0 | ||
| 008 | 210420b1974 ||||| |||| 00| 0 spa d | ||
| 040 | |a CRAI/IIS |c CRAI/IIS | ||
| 090 | |a 09-05.08 O81b | ||
| 100 | |a Ossa, Alvaro de la | ||
| 110 | |a SIECA | ||
| 245 | |a Bases para la adopción de una nueva política arancelaria centroamericana | ||
| 260 | |a San Salvador, El Salvador: |b SIECA |c 1974 | ||
| 300 | |a 137 p. | ||
| 520 | |a Propone elementos de juicio para orientar la revisión de tarifas y políticas arancelarias centroamericanas, referentes a las relaciones con terceros paises./ALLV | ||
| 650 | |a POLITICA ARANCELARIA | ||
| 650 | |a REFORMAS ARANCELARIAS | ||
| 942 | |2 ddc |c LI |h 09.05.08 O81b |i 10492 |6 090508_O81B_10492 | ||
| 999 | |c 7881 |d 7881 | ||
